000
00297nam a2200109Ia 4500
001
1272295
005
20260417151425.0
008
260417s9999 xx 000 0 und d
020
_a
9786256698215
245
0
_a
Ibn Tufayl Alone on the Island of One’s Mind
_c
Özkan Öze
260
_b
Ketebe Çocuk
999
_c
1272295
_d
1272295